000 00414nam a22001457a 4500
005 20151211152319.0
008 151211b xxu||||| |||| 00| 0 eng d
040 _cPK-LaUMT
082 _aMSC 335.331095491
_bABD-A
100 _aعبدالمجید سالک
245 _aافکار و حوادث
_cعبدالمجید سالک
260 _aکراچی
_bمطبع جامعہ
_c2003
300 _a174 ص
942 _cBK
999 _c80914
_d80914